[Event "European Individual Chess Championship "]
[Site "Reykjavik, Iceland"]
[Date "2021.08.30"]
[Round "5.86"]
[White "Johannsson, Markus Orri"]
[Black "Omarsson, Adam"]
[Result "0-1"]
[WhiteElo "1117"]
[BlackElo "1546"]
[PlyCount "92"]
[EventDate "2021.08.26"]

1. e4 g6 2. d4 Bg7 3. Nf3 d6 4. Be3 Nf6 5. Nbd2 O-O 6. c3 e5 7. dxe5 dxe5 8.
Nxe5 Nxe4 9. Nxf7 Nxf2 10. Nxd8 Nxd1 11. Rxd1 Rxd8 12. Bc4+ Kh8 13. h3 Re8 14.
Kf2 Nc6 15. Nf3 Bf5 16. Nd4 Rf8 17. Ke2 Nxd4+ 18. Bxd4 Rae8+ 19. Kd2 Bxd4 20.
cxd4 Be4 21. Rde1 Bxg2 22. Rxe8 Rxe8 23. Rh2 Be4 24. Rf2 Bf5 25. Rf3 Re4 26.
Kc3 Rh4 27. Bf1 Kg7 28. Re3 Re4 29. Rf3 Re1 30. Kd2 Re4 31. Kc3 Re6 32. Bc4 Re1
33. Kd2 Re4 34. Kc3 Re7 35. Kd2 Rd7 36. Kc3 c6 37. a4 Rc7 38. Kd2 Rd7 39. Kc3
Re7 40. Kd2 Re4 41. Kc3 Re1 42. Kd2 Rb1 43. b3 Rb2+ 44. Kc3 Rh2 45. Bf1 a5 46.
Re3 Rc2# 0-1

[Event "European Individual Chess Championship "]
[Site "Reykjavik, Iceland"]
[Date "2021.08.30"]
[Round "5.87"]
[White "Hallmundarson, Birkir"]
[Black "Helgadottir, Idunn"]
[Result "1-0"]
[WhiteElo "1095"]
[BlackElo "1243"]
[PlyCount "83"]
[EventDate "2021.08.26"]

1. Nf3 Nf6 2. c4 d6 3. Nc3 g6 4. d4 Bg7 5. g3 O-O 6. Bg2 Nbd7 7. Bg5 h6 8. Bf4
Re8 9. O-O c6 10. Qd2 Qc7 11. Bxh6 Bh8 12. Bg5 d5 13. c5 e5 14. dxe5 Nxe5 15.
Kh1 Nc4 16. Qc1 Qa5 17. Bxf6 Bxf6 18. Qh6 Bg7 19. Qh4 Qxc5 20. Ng5 Nxb2 21. Nd1
Rxe2 22. Nxb2 Rxb2 23. Rfe1 Bf5 24. g4 Bd7 25. Re3 Rxa2 26. Rae1 Qd4 27. Re7
Rxf2 28. Rxd7 Qd2 29. Rf1 Rxf1+ 30. Bxf1 Qf4 31. Qh7+ Kf8 32. Rxf7+ Qxf7 33.
Nxf7 Kxf7 34. Qh3 d4 35. Qb3+ Kf8 36. Qxb7 Rd8 37. Qxc6 g5 38. Bc4 Be5 39. Qf3+
Kg7 40. Qf7+ Kh6 41. Bd3 Rd6 42. Qh7# 1-0

[Event "European Individual Chess Championship "]
[Site "Reykjavik, Iceland"]
[Date "2021.08.31"]
[Round "6.1"]
[White "Lagarde, Maxime"]
[Black "Mamedov, Rauf"]
[Result "0-1"]
[WhiteElo "2631"]
[BlackElo "2654"]
[PlyCount "96"]
[EventDate "2021.08.26"]

1. d4 {[%emt 0:00:03]} Nf6 {[%emt 0:00:12]} 2. c4 {[%emt 0:00:05]} g6 {[%emt 0:
00:03]} 3. Nc3 {[%emt 0:00:03]} Bg7 {[%emt 0:00:03]} 4. e4 {[%emt 0:00:05]} d6
{[%emt 0:00:02]} 5. Nf3 {[%emt 0:00:05]} O-O {[%emt 0:00:06]} 6. Be2 {[%emt 0:
00:03]} e5 {[%emt 0:00:22]} 7. O-O {[%emt 0:00:07]} h6 {[%emt 0:00:03]} 8. dxe5
{[%emt 0:09:39]} dxe5 {[%emt 0:01:31]} 9. Qxd8 {[%emt 0:07:50]} Rxd8 {[%emt 0:
00:07]} 10. Nd5 {[%emt 0:00:14]} Na6 {[%emt 0:15:57]} 11. Nxf6+ {[%emt 0:06:40]
} Bxf6 {[%emt 0:01:13]} 12. Bxh6 {[%emt 0:01:03]} Nc5 {[%emt 0:00:07]} 13. Ng5
{[%emt 0:01:11]} Bg7 {[%emt 0:10:43]} 14. Bxg7 {[%emt 0:00:28]} Kxg7 {[%emt 0:
00:05]} 15. b4 {[%emt 0:28:01]} Na4 {[%emt 0:00:16]} 16. f4 {[%emt 0:06:16]} f6
{[%emt 0:10:50]} 17. Nf3 {[%emt 0:04:19]} Nc3 {[%emt 0:04:35]} 18. Rae1 {
[%emt 0:00:25]} exf4 {[%emt 0:02:09]} 19. e5 {[%emt 0:00:05]} Bf5 {[%emt 0:08:
53]} 20. exf6+ {[%emt 0:00:15]} Kxf6 {[%emt 0:00:01]} 21. Nh4 {[%emt 0:00:53]}
Rd2 {[%emt 0:06:51]} 22. Bh5 {[%emt 0:16:09]} gxh5 {[%emt 0:08:48]} 23. Rxf4 {
[%emt 0:00:06]} Ne2+ {[%emt 0:00:06]} 24. Rxe2 {[%emt 0:00:03]} Rxe2 {[%emt 0:
00:03]} 25. Rxf5+ {[%emt 0:00:10]} Ke6 {[%emt 0:00:36]} 26. Rxh5 {[%emt 0:00:
19]} Rg8 {[%emt 0:00:03]} 27. a3 {[%emt 0:04:46]} Rg4 {[%emt 0:06:56]} 28. c5 {
[%emt 0:01:50]} Ra2 {[%emt 0:00:17]} 29. h3 {[%emt 0:01:27]} Rc4 {[%emt 0:02:
01]} 30. Rh6+ {[%emt 0:03:21]} Kd5 {[%emt 0:00:49]} 31. Rh5+ {[%emt 0:00:49]}
Ke6 {[%emt 0:02:59]} 32. Rh6+ {[%emt 0:00:05]} Kf7 {[%emt 0:04:14]} 33. Nf3 {
[%emt 0:00:28]} Rcc2 {[%emt 0:00:10]} 34. Ne5+ {[%emt 0:00:39]} Ke7 {[%emt 0:
00:02]} 35. Rg6 {[%emt 0:00:23]} Rxa3 {[%emt 0:02:43]} 36. h4 {[%emt 0:01:38]}
a5 {[%emt 0:00:39]} 37. bxa5 {[%emt 0:04:53]} Rxc5 {[%emt 0:00:35]} 38. Nf3 {
[%emt 0:00:13]} Raxa5 {[%emt 0:00:10]} 39. Kf2 {[%emt 0:00:28]} b5 {[%emt 0:00:
42]} 40. g4 {[%emt 0:00:12]} Ra2+ {[%emt 0:02:53]} 41. Kg3 {[%emt 0:00:07]} Ra3
{[%emt 0:00:04]} 42. g5 {[%emt 0:00:31]} Rf5 {[%emt 0:00:06]} 43. Rg7+ {
[%emt 0:00:17]} Kf8 {[%emt 0:01:07]} 44. Rxc7 {[%emt 0:00:05]} Raxf3+ {[%emt 0:
01:07]} 45. Kg4 {[%emt 0:01:34]} R5f4+ {[%emt 0:00:55]} 46. Kh5 {[%emt 0:00:05]
} Rh3 {[%emt 0:01:22]} 47. Kg6 {[%emt 0:00:04]} Rfxh4 {[%emt 0:00:11]} 48. Rf7+
{[%emt 0:00:57]} Ke8 {[%emt 0:00:08]} 0-1

[Event "European Individual Chess Championship "]
[Site "Reykjavik, Iceland"]
[Date "2021.08.31"]
[Round "6.3"]
[White "Mamedov, Nidjat"]
[Black "Navara, David"]
[Result "1/2-1/2"]
[WhiteElo "2595"]
[BlackElo "2675"]
[PlyCount "90"]
[EventDate "2021.08.26"]

1. e4 {[%emt 0:00:02]} c5 {[%emt 0:00:04]} 2. Nf3 {[%emt 0:00:10]} d6 {[%emt 0:
00:05]} 3. d4 {[%emt 0:00:05]} cxd4 {[%emt 0:00:05]} 4. Nxd4 {[%emt 0:00:05]}
Nf6 {[%emt 0:00:06]} 5. Nc3 {[%emt 0:00:05]} a6 {[%emt 0:00:09]} 6. f3 {
[%emt 0:00:40]} e5 {[%emt 0:00:21]} 7. Nb3 {[%emt 0:00:05]} Be6 {[%emt 0:00:08]
} 8. Be3 {[%emt 0:00:04]} Be7 {[%emt 0:00:07]} 9. Qd2 {[%emt 0:00:05]} O-O {
[%emt 0:00:26]} 10. O-O-O {[%emt 0:00:11]} Nbd7 {[%emt 0:00:05]} 11. g4 {
[%emt 0:00:08]} b5 {[%emt 0:00:04]} 12. g5 {[%emt 0:00:33]} Nh5 {[%emt 0:00:07]
} 13. Nd5 {[%emt 0:03:33]} Bxd5 {[%emt 0:00:11]} 14. exd5 {[%emt 0:00:06]} f6 {
[%emt 0:00:13]} 15. gxf6 {[%emt 0:18:36]} Bxf6 {[%emt 0:00:15]} 16. Na5 {
[%emt 0:01:16]} Nf4 {[%emt 0:03:55]} 17. Nc6 {[%emt 0:07:12]} Qe8 {[%emt 0:00:
21]} 18. Kb1 {[%emt 0:04:13]} Qh5 {[%emt 0:25:27]} 19. Bd3 {[%emt 0:37:03]}
Nxd3 {[%emt 0:04:30]} 20. Qxd3 {[%emt 0:00:07]} Qxf3 {[%emt 0:00:12]} 21. Qa3 {
[%emt 0:00:07]} Rf7 {[%emt 0:08:30]} 22. Bc5 {[%emt 0:02:07]} Qxa3 {[%emt 0:03:
06]} 23. Bxa3 {[%emt 0:00:07]} Nb6 {[%emt 0:07:59]} 24. Bxd6 {[%emt 0:00:16]}
Rd7 {[%emt 0:00:22]} 25. Bxe5 {[%emt 0:00:08]} Bxe5 {[%emt 0:00:17]} 26. Nxe5 {
[%emt 0:00:05]} Rxd5 {[%emt 0:00:07]} 27. Rxd5 {[%emt 0:08:13]} Nxd5 {[%emt 0:
00:16]} 28. Rd1 {[%emt 0:00:37]} Rf8 {[%emt 0:08:02]} 29. a4 {[%emt 0:03:16]}
Ne3 {[%emt 0:00:54]} 30. Re1 {[%emt 0:00:15]} Rf1 {[%emt 0:01:31]} 31. Rxf1 {
[%emt 0:00:07]} Nxf1 {[%emt 0:00:07]} 32. axb5 {[%emt 0:00:09]} axb5 {[%emt 0:
00:06]} 33. h3 {[%emt 0:01:04]} g5 {[%emt 0:02:27]} 34. Kc1 {[%emt 0:00:47]} h5
{[%emt 0:01:08]} 35. c4 {[%emt 0:00:31]} bxc4 {[%emt 0:00:34]} 36. Nxc4 {
[%emt 0:00:13]} g4 {[%emt 0:02:08]} 37. hxg4 {[%emt 0:07:11]} h4 {[%emt 0:00:
08]} 38. Ne5 {[%emt 0:00:07]} h3 {[%emt 0:00:08]} 39. Nf3 {[%emt 0:00:06]} h2 {
[%emt 0:00:05]} 40. Nxh2 {[%emt 0:00:07]} Nxh2 {[%emt 0:00:04]} 41. b4 {
[%emt 0:00:15]} Nxg4 {[%emt 0:00:04]} 42. b5 {[%emt 0:00:06]} Ne5 {[%emt 0:00:
07]} 43. b6 {[%emt 0:00:03]} Nd7 {[%emt 0:00:06]} 44. b7 {[%emt 0:00:04]} Kf7 {
[%emt 0:00:05]} 45. b8=Q {[%emt 0:00:07]} Nxb8 {[%emt 0:00:03]} 1/2-1/2

[Event "European Individual Chess Championship "]
[Site "Reykjavik, Iceland"]
[Date "2021.08.31"]
[Round "6.4"]
[White "Sarana, Alexey"]
[Black "Demchenko, Anton"]
[Result "0-1"]
[WhiteElo "2643"]
[BlackElo "2597"]
[PlyCount "66"]
[EventDate "2021.08.26"]

1. d4 {[%emt 0:00:02]} d5 {[%emt 0:00:12]} 2. Nf3 {[%emt 0:00:14]} Nf6 {
[%emt 0:00:38]} 3. c4 {[%emt 0:00:10]} dxc4 {[%emt 0:00:12]} 4. e3 {[%emt 0:00:
05]} Bg4 {[%emt 0:00:22]} 5. Bxc4 {[%emt 0:00:45]} e6 {[%emt 0:00:05]} 6. Nc3 {
[%emt 0:00:42]} c5 {[%emt 0:01:14]} 7. Qa4+ {[%emt 0:01:02]} Nbd7 {[%emt 0:00:
10]} 8. Ne5 {[%emt 0:00:07]} cxd4 {[%emt 0:00:23]} 9. exd4 {[%emt 0:00:02]} a6
{[%emt 0:00:32]} 10. Nxg4 {[%emt 0:00:09]} Nxg4 {[%emt 0:00:04]} 11. Be2 {
[%emt 0:00:08]} Ngf6 {[%emt 0:00:24]} 12. Bf3 {[%emt 0:01:14]} Qb6 {[%emt 0:21:
24]} 13. O-O {[%emt 0:00:46]} Bd6 {[%emt 0:01:43]} 14. Ne4 {[%emt 0:00:15]}
Nxe4 {[%emt 0:17:29]} 15. Bxe4 {[%emt 0:00:37]} Qd8 {[%emt 0:00:22]} 16. Bxb7 {
[%emt 0:07:11]} Bxh2+ {[%emt 0:00:13]} 17. Kxh2 {[%emt 0:00:17]} Qc7+ {[%emt 0:
00:09]} 18. Bf4 {[%emt 0:01:11]} Qxb7 {[%emt 0:00:04]} 19. Bd6 {[%emt 0:17:00]}
Qd5 {[%emt 0:04:01]} 20. Ba3 {[%emt 0:00:24]} f6 {[%emt 0:02:49]} 21. Rac1 {
[%emt 0:05:49]} Kf7 {[%emt 0:00:48]} 22. Rc7 {[%emt 0:00:08]} Rhd8 {[%emt 0:00:
09]} 23. Rfc1 {[%emt 0:00:54]} Kg8 {[%emt 0:12:44]} 24. Qb4 {[%emt 0:13:03]}
Nf8 {[%emt 0:14:03]} 25. Qe7 {[%emt 0:05:01]} Qh5+ {[%emt 0:02:56]} 26. Kg1 {
[%emt 0:00:06]} Qg6 27. Ra7 {[%emt 0:08:05]} Rac8 {[%emt 0:04:13]} 28. Rac7 {
[%emt 0:02:09]} Rb8 {[%emt 0:04:44]} 29. Qc5 {[%emt 0:01:32]} h5 {[%emt 0:02:
43]} 30. Qc4 {[%emt 0:01:31]} Qg4 {[%emt 0:01:26]} 31. Qxa6 {[%emt 0:03:04]}
Ng6 {[%emt 0:01:06]} 32. Qd3 {[%emt 0:06:44]} Nf4 {[%emt 0:02:30]} 33. Qe3 {
[%emt 0:00:01]} Qxg2# {[%emt 0:00:09]} 0-1

[Event "European Individual Chess Championship "]
[Site "Reykjavik, Iceland"]
[Date "2021.08.31"]
[Round "6.6"]
[White "Hovhannisyan, Robert"]
[Black "Piorun, Kacper"]
[Result "0-1"]
[WhiteElo "2626"]
[BlackElo "2608"]
[PlyCount "146"]
[EventDate "2021.08.26"]

1. e4 {[%emt 0:00:03]} e6 {[%emt 0:00:26]} 2. d4 {[%emt 0:00:08]} d5 {[%emt 0:
00:04]} 3. Nc3 {[%emt 0:00:06]} Nf6 {[%emt 0:00:06]} 4. Bg5 {[%emt 0:00:32]}
Bb4 {[%emt 0:00:08]} 5. e5 {[%emt 0:00:08]} h6 {[%emt 0:00:04]} 6. Bd2 {
[%emt 0:01:53]} Bxc3 {[%emt 0:00:15]} 7. bxc3 {[%emt 0:00:05]} Ne4 {[%emt 0:00:
05]} 8. Qg4 {[%emt 0:00:10]} Kf8 {[%emt 0:00:36]} 9. Bd3 {[%emt 0:02:14]} Nxd2
{[%emt 0:00:16]} 10. Kxd2 {[%emt 0:00:05]} c5 {[%emt 0:00:16]} 11. Nf3 {
[%emt 0:01:24]} c4 {[%emt 0:05:46]} 12. Be2 {[%emt 0:00:08]} Nc6 {[%emt 0:01:
09]} 13. a4 {[%emt 0:05:23]} Bd7 {[%emt 0:04:00]} 14. h4 {[%emt 0:01:41]} a6 {
[%emt 0:08:23]} 15. Qf4 {[%emt 0:14:26]} b5 {[%emt 0:02:48]} 16. axb5 {[%emt 0:
09:13]} axb5 {[%emt 0:00:05]} 17. g4 {[%emt 0:01:14]} b4 {[%emt 0:10:17]} 18.
cxb4 {[%emt 0:09:04]} Nxb4 {[%emt 0:00:12]} 19. Qe3 {[%emt 0:02:26]} Na2 {
[%emt 0:09:03]} 20. Rhb1 {[%emt 0:02:46]} Qa5+ {[%emt 0:02:50]} 21. c3 {
[%emt 0:00:55]} Ke7 {[%emt 0:00:18]} 22. g5 {[%emt 0:09:21]} Rhb8 {[%emt 0:23:
57]} 23. gxh6 {[%emt 0:00:23]} gxh6 {[%emt 0:00:14]} 24. Bd1 {[%emt 0:00:48]}
Rb6 {[%emt 0:02:06]} 25. Bc2 {[%emt 0:13:08]} Rab8 {[%emt 0:02:06]} 26. Rxb6
Rxb6 {[%emt 0:03:41]} 27. Rb1 {[%emt 0:00:26]} Rxb1 28. Bxb1 {[%emt 0:11:42]}
Qa3 {[%emt 0:00:10]} 29. Bxa2 {[%emt 0:00:26]} Qxa2+ {[%emt 0:00:07]} 30. Ke1 {
[%emt 0:00:06]} Qb1+ {[%emt 0:03:05]} 31. Ke2 {[%emt 0:00:08]} Ba4 {[%emt 0:00:
05]} 32. Ne1 {[%emt 0:00:43]} Qd1+ {[%emt 0:05:05]} 33. Kf1 {[%emt 0:00:04]}
Bc2 {[%emt 0:00:08]} 34. f3 {[%emt 0:02:13]} Bd3+ {[%emt 0:00:47]} 35. Kf2 {
[%emt 0:00:14]} Kd7 {[%emt 0:02:01]} 36. Kg3 {[%emt 0:01:51]} Kc6 {[%emt 0:00:
53]} 37. Ng2 {[%emt 0:00:42]} Qc2 {[%emt 0:01:07]} 38. Qe1 {[%emt 0:00:45]} Qb2
{[%emt 0:00:19]} 39. Ne3 {[%emt 0:16:45]} Kb5 {[%emt 0:00:05]} 40. Kg4 {
[%emt 0:03:36]} Ka4 {[%emt 0:07:58]} 41. Kh5 {[%emt 0:11:04]} Kb3 {[%emt 0:00:
06]} 42. Kxh6 {[%emt 0:00:25]} Qxc3 {[%emt 0:00:14]} 43. Qd1+ {[%emt 0:00:18]}
Bc2 {[%emt 0:14:25]} 44. Qc1 {[%emt 0:00:12]} Bg6 {[%emt 0:04:13]} 45. Qd1+ {
[%emt 0:00:32]} Kb4 {[%emt 0:00:12]} 46. Qg1 {[%emt 0:01:21]} Kb5 {[%emt 0:06:
48]} 47. h5 {[%emt 0:01:09]} Bd3 {[%emt 0:00:05]} 48. Nd1 {[%emt 0:10:11]} Qd2+
{[%emt 0:01:17]} 49. Kg7 {[%emt 0:00:14]} c3 {[%emt 0:00:30]} 50. Nxc3+ {
[%emt 0:02:43]} Qxc3 {[%emt 0:00:02]} 51. h6 {[%emt 0:06:35]} Bg6 {[%emt 0:03:
33]} 52. f4 {[%emt 0:00:31]} Qc2 {[%emt 0:02:43]} 53. Qa1 {[%emt 0:01:21]} Kc4
{[%emt 0:00:09]} 54. Qa7 {[%emt 0:00:11]} Qe4 {[%emt 0:00:35]} 55. Qa4+ {
[%emt 0:01:21]} Kc3 {[%emt 0:01:13]} 56. Qa1+ {[%emt 0:00:05]} Kd2 {[%emt 0:00:
12]} 57. Qg1 {[%emt 0:00:29]} Ke2 {[%emt 0:01:17]} 58. Qg4+ {[%emt 0:01:05]}
Kd2 {[%emt 0:01:40]} 59. Qg1 {[%emt 0:00:06]} Qd3 {[%emt 0:00:23]} 60. Kg8 {
[%emt 0:00:40]} Qh3 {[%emt 0:00:42]} 61. Kg7 {[%emt 0:00:27]} Kd3 {[%emt 0:00:
26]} 62. Qf2 {[%emt 0:00:51]} Ke4 {[%emt 0:00:14]} 63. Qd2 {[%emt 0:00:23]} Qd3
{[%emt 0:00:22]} 64. Qf2 {[%emt 0:00:39]} Qxd4 {[%emt 0:00:28]} 65. Qh4 {
[%emt 0:00:04]} Qe3 {[%emt 0:00:51]} 66. h7 {[%emt 0:00:35]} Bxh7 {[%emt 0:00:
14]} 67. Qxh7+ {[%emt 0:00:03]} Kxf4 {[%emt 0:00:31]} 68. Qh1 {[%emt 0:01:19]}
Kxe5 {[%emt 0:00:37]} 69. Kxf7 {[%emt 0:00:06]} d4 {[%emt 0:00:16]} 70. Qh8+ {
[%emt 0:00:52]} Kf5 {[%emt 0:00:34]} 71. Qh7+ {[%emt 0:00:36]} Kg4 {[%emt 0:00:
07]} 72. Qg7+ {[%emt 0:00:33]} Kf3 {[%emt 0:00:08]} 73. Qh7 {[%emt 0:00:21]}
Qf4+ {[%emt 0:00:23]} 0-1

[Event "European Individual Chess Championship "]
[Site "Reykjavik, Iceland"]
[Date "2021.08.31"]
[Round "6.9"]
[White "Huschenbeth, Niclas"]
[Black "Sargissian, Gabriel"]
[Result "1/2-1/2"]
[WhiteElo "2592"]
[BlackElo "2682"]
[PlyCount "133"]
[EventDate "2021.08.26"]

1. e4 {[%emt 0:01:36]} e5 {[%emt 0:00:14]} 2. Nf3 {[%emt 0:00:04]} Nc6 {
[%emt 0:00:09]} 3. Bb5 {[%emt 0:00:04]} Nf6 {[%emt 0:01:32]} 4. d3 {[%emt 0:00:
09]} Bc5 {[%emt 0:00:28]} 5. c3 {[%emt 0:00:04]} O-O {[%emt 0:02:18]} 6. O-O {
[%emt 0:01:44]} d6 {[%emt 0:00:45]} 7. Nbd2 {[%emt 0:00:28]} Ne7 {[%emt 0:03:
12]} 8. d4 {[%emt 0:00:57]} exd4 {[%emt 0:00:13]} 9. cxd4 {[%emt 0:00:04]} Bb6
{[%emt 0:00:05]} 10. Re1 {[%emt 0:00:33]} Bg4 {[%emt 0:00:38]} 11. h3 {[%emt 0:
00:50]} Bh5 {[%emt 0:00:33]} 12. a4 {[%emt 0:00:22]} a5 {[%emt 0:10:50]} 13.
Ra3 {[%emt 0:00:43]} Nc6 {[%emt 0:00:13]} 14. Bxc6 {[%emt 0:00:42]} bxc6 {
[%emt 0:00:05]} 15. Qc2 {[%emt 0:01:12]} Re8 {[%emt 0:01:23]} 16. Qxc6 Re6 {
[%emt 0:10:12]} 17. Qc2 {[%emt 0:33:14]} Bg6 {[%emt 0:08:56]} 18. Nh4 {[%emt 0:
01:34]} Bxd4 {[%emt 0:02:05]} 19. Nxg6 {[%emt 0:00:15]} hxg6 {[%emt 0:00:21]}
20. Nf3 {[%emt 0:02:32]} Bc5 {[%emt 0:01:58]} 21. Ng5 {[%emt 0:01:09]} Re7 {
[%emt 0:05:37]} 22. Rd3 {[%emt 0:09:22]} Qe8 {[%emt 0:03:50]} 23. Rdd1 {
[%emt 0:02:09]} Nd7 {[%emt 0:03:09]} 24. Bd2 {[%emt 0:14:24]} f6 {[%emt 0:01:
21]} 25. Nf3 {[%emt 0:02:26]} Qf7 {[%emt 0:08:59]} 26. Bc3 {[%emt 0:03:06]} Bb6
{[%emt 0:06:24]} 27. Bd4 {[%emt 0:00:51]} Bxd4 {[%emt 0:02:37]} 28. Nxd4 {
[%emt 0:00:04]} Nc5 {[%emt 0:04:30]} 29. Nc6 {[%emt 0:01:06]} Ree8 {[%emt 0:01:
09]} 30. e5 {[%emt 0:04:23]} fxe5 {[%emt 0:03:07]} 31. Nxe5 {[%emt 0:00:35]}
Qb3 {[%emt 0:02:02]} 32. Qxb3+ {[%emt 0:00:45]} Nxb3 {[%emt 0:00:10]} 33. Nxg6
{[%emt 0:01:46]} Rxe1+ {[%emt 0:07:04]} 34. Rxe1 {[%emt 0:00:03]} Kf7 {[%emt 0:
00:06]} 35. Nf4 {[%emt 0:00:22]} c6 {[%emt 0:02:07]} 36. Ne6 {[%emt 0:06:34]}
Kf6 {[%emt 0:03:56]} 37. Re3 {[%emt 0:00:41]} Rb8 {[%emt 0:00:24]} 38. f4 {
[%emt 0:01:35]} d5 {[%emt 0:01:39]} 39. Ng5 {[%emt 0:01:12]} Nd4 {[%emt 0:05:
29]} 40. Kh2 {[%emt 0:01:14]} Kf5 {[%emt 0:06:43]} 41. Kg3 {[%emt 0:16:08]}
Rxb2 {[%emt 0:12:32]} 42. Re5+ {[%emt 0:00:04]} Kf6 {[%emt 0:00:05]} 43. Re8 {
[%emt 0:01:36]} c5 {[%emt 0:01:59]} 44. Rd8 {[%emt 0:10:16]} Rd2 {[%emt 0:01:
04]} 45. Rd7 {[%emt 0:01:32]} c4 {[%emt 0:01:27]} 46. h4 {[%emt 0:01:03]} Nf5+
{[%emt 0:02:36]} 47. Kf3 {[%emt 0:02:45]} Rd3+ {[%emt 0:00:13]} 48. Kf2 {
[%emt 0:00:20]} Nh6 {[%emt 0:01:42]} 49. Ke2 {[%emt 0:01:08]} d4 {[%emt 0:08:
29]} 50. Ne4+ {[%emt 0:00:22]} Kg6 {[%emt 0:00:13]} 51. Nf2 {[%emt 0:00:12]}
Re3+ {[%emt 0:00:17]} 52. Kd1 {[%emt 0:00:55]} d3 {[%emt 0:01:40]} 53. g4 {
[%emt 0:00:33]} Re2 {[%emt 0:00:29]} 54. f5+ {[%emt 0:01:05]} Kh7 {[%emt 0:00:
33]} 55. Nxd3 {[%emt 0:00:35]} cxd3 {[%emt 0:00:08]} 56. f6 {[%emt 0:00:02]}
Kg8 {[%emt 0:05:22]} 57. Rxd3 {[%emt 0:01:03]} Re8 {[%emt 0:00:23]} 58. g5 {
[%emt 0:00:50]} Ng4 {[%emt 0:00:36]} 59. Rd4 {[%emt 0:00:15]} Ne3+ {[%emt 0:00:
23]} 60. Kd2 {[%emt 0:00:14]} gxf6 {[%emt 0:00:06]} 61. gxf6 {[%emt 0:00:13]}
Re5 {[%emt 0:00:38]} 62. Kd3 {[%emt 0:00:43]} Nd5 {[%emt 0:00:08]} 63. Rg4+ {
[%emt 0:01:00]} Kf7 {[%emt 0:00:50]} 64. Kd4 {[%emt 0:00:36]} Rh5 {[%emt 0:00:
55]} 65. Rg5 {[%emt 0:00:09]} Rxh4+ {[%emt 0:00:21]} 66. Kxd5 {[%emt 0:00:03]}
Kxf6 {[%emt 0:00:10]} 67. Rg8 {[%emt 0:00:14]} 1/2-1/2

[Event "European Individual Chess Championship "]
[Site "Reykjavik, Iceland"]
[Date "2021.08.31"]
[Round "6.10"]
[White "Thybo, Jesper Sondergaard"]
[Black "Bluebaum, Matthias"]
[Result "1/2-1/2"]
[WhiteElo "2587"]
[BlackElo "2674"]
[PlyCount "105"]
[EventDate "2021.08.26"]

1. d4 {[%emt 0:00:03]} Nf6 {[%emt 0:01:58]} 2. c4 {[%emt 0:00:09]} e6 {[%emt 0:
00:07]} 3. Nf3 {[%emt 0:00:20]} d5 {[%emt 0:00:05]} 4. g3 {[%emt 0:00:09]} Be7
{[%emt 0:00:22]} 5. Bg2 {[%emt 0:00:34]} O-O {[%emt 0:00:05]} 6. Nc3 {[%emt 0:
02:17]} Nbd7 {[%emt 0:00:57]} 7. Qd3 {[%emt 0:01:05]} b6 {[%emt 0:02:19]} 8.
cxd5 {[%emt 0:01:03]} Nxd5 {[%emt 0:00:48]} 9. O-O {[%emt 0:02:02]} Bb7 {
[%emt 0:03:10]} 10. Rd1 {[%emt 0:10:49]} c5 {[%emt 0:07:37]} 11. e4 {[%emt 0:
07:24]} Nb4 {[%emt 0:07:28]} 12. Qb1 {[%emt 0:09:02]} cxd4 {[%emt 0:00:35]} 13.
Nxd4 {[%emt 0:00:07]} a6 {[%emt 0:03:21]} 14. Be3 {[%emt 0:04:27]} Qc7 {
[%emt 0:10:53]} 15. Rc1 {[%emt 0:09:05]} Qd8 {[%emt 0:04:33]} 16. Rd1 {[%emt 0:
06:22]} Qc7 {[%emt 0:00:23]} 17. Rc1 {[%emt 0:01:15]} Qd8 {[%emt 0:00:12]} 18.
a3 {[%emt 0:02:03]} Nc6 {[%emt 0:00:04]} 19. Nxc6 {[%emt 0:02:19]} Bxc6 {
[%emt 0:00:02]} 20. Nd5 {[%emt 0:00:43]} Bc5 {[%emt 0:02:09]} 21. Bxc5 {
[%emt 0:02:08]} Nxc5 {[%emt 0:02:42]} 22. b4 {[%emt 0:00:57]} Nxe4 {[%emt 0:00:
35]} 23. Ne7+ {[%emt 0:01:52]} Qxe7 {[%emt 0:02:03]} 24. Rxc6 {[%emt 0:00:02]}
Nf6 {[%emt 0:06:42]} 25. Rxb6 {[%emt 0:00:33]} Qa7 {[%emt 0:01:29]} 26. Rd6 {
[%emt 0:06:30]} Rfd8 {[%emt 0:03:27]} 27. Qd3 {[%emt 0:00:51]} Nd5 {[%emt 0:00:
44]} 28. Rxd8+ {[%emt 0:00:10]} Rxd8 {[%emt 0:00:02]} 29. Rc1 {[%emt 0:01:30]}
Qb6 {[%emt 0:03:12]} 30. Qc4 {[%emt 0:01:16]} g6 {[%emt 0:09:44]} 31. Qc5 {
[%emt 0:00:52]} Qb8 {[%emt 0:03:23]} 32. Qc6 {[%emt 0:05:57]} Rd6 {[%emt 0:05:
35]} 33. Qc8+ {[%emt 0:01:19]} Qxc8 {[%emt 0:00:06]} 34. Rxc8+ {[%emt 0:00:02]}
Kg7 {[%emt 0:00:04]} 35. Bf1 {[%emt 0:06:04]} Kf6 {[%emt 0:01:15]} 36. Kg2 {
[%emt 0:00:41]} Ke7 {[%emt 0:03:20]} 37. Ra8 {[%emt 0:03:39]} Nc7 {[%emt 0:00:
23]} 38. Rb8 {[%emt 0:00:08]} Rd2 {[%emt 0:01:58]} 39. a4 {[%emt 0:01:47]} Rb2
{[%emt 0:01:30]} 40. a5 {[%emt 0:02:07]} Kd6 {[%emt 0:04:39]} 41. Rb6+ {
[%emt 0:07:07]} Ke5 {[%emt 0:02:43]} 42. Rb7 {[%emt 0:00:39]} Kd6 {[%emt 0:00:
25]} 43. h4 {[%emt 0:04:52]} h5 {[%emt 0:08:17]} 44. Bc4 {[%emt 0:01:08]} Rb1 {
[%emt 0:06:59]} 45. Kf3 {[%emt 0:13:27]} Rb2 {[%emt 0:00:03]} 46. Kg2 {[%emt 0:
03:32]} Rb1 {[%emt 0:00:10]} 47. f4 {[%emt 0:00:36]} Rb2+ {[%emt 0:11:29]} 48.
Kf3 {[%emt 0:00:19]} Nd5 {[%emt 0:00:48]} 49. Bxd5 {[%emt 0:01:13]} Kxd5 {
[%emt 0:00:35]} 50. Rxf7 {[%emt 0:00:19]} Rb3+ {[%emt 0:00:28]} 51. Kg2 {
[%emt 0:00:30]} Ke4 {[%emt 0:01:03]} 52. Rf6 {[%emt 0:07:27]} Rb2+ {[%emt 0:00:
09]} 53. Kh3 {[%emt 0:00:12] Ke5} 1/2-1/2

[Event "European Individual Chess Championship "]
[Site "Reykjavik, Iceland"]
[Date "2021.08.31"]
[Round "6.11"]
[White "Grandelius, Nils"]
[Black "Pantsulaia, Levan"]
[Result "1/2-1/2"]
[WhiteElo "2666"]
[BlackElo "2564"]
[PlyCount "62"]
[EventDate "2021.08.26"]

1. e4 {[%emt 0:00:23]} c5 {[%emt 0:00:20]} 2. Nf3 {[%emt 0:00:36]} e6 {[%emt 0:
00:11]} 3. d4 {[%emt 0:00:35]} cxd4 {[%emt 0:00:07]} 4. Nxd4 {[%emt 0:00:05]}
a6 {[%emt 0:00:07]} 5. c4 {[%emt 0:00:40]} Nf6 {[%emt 0:00:16]} 6. Nc3 {
[%emt 0:00:12]} Bb4 {[%emt 0:00:12]} 7. Qd3 {[%emt 0:01:04]} d5 {[%emt 0:00:13]
} 8. exd5 {[%emt 0:01:14]} exd5 {[%emt 0:00:07]} 9. Be2 {[%emt 0:00:08]} Nc6 {
[%emt 0:00:28]} 10. Nxc6 {[%emt 0:04:37]} bxc6 {[%emt 0:02:25]} 11. O-O {
[%emt 0:00:20]} O-O {[%emt 0:00:11]} 12. cxd5 {[%emt 0:00:44]} Nxd5 {[%emt 0:
00:08]} 13. Nxd5 {[%emt 0:02:02]} Qxd5 {[%emt 0:00:08]} 14. Qg3 {[%emt 0:00:37]
} Bd6 {[%emt 0:00:14]} 15. Bf4 {[%emt 0:00:25]} Bxf4 {[%emt 0:00:07]} 16. Qxf4
{[%emt 0:00:04]} Be6 {[%emt 0:00:30]} 17. Rfc1 {[%emt 0:09:29]} Qd7 {[%emt 0:
00:35]} 18. Rc5 {[%emt 0:22:56]} Rfd8 {[%emt 0:05:53]} 19. b3 {[%emt 0:09:25]}
a5 {[%emt 0:07:51]} 20. Bf3 {[%emt 0:03:57]} Bd5 {[%emt 0:13:09]} 21. Bxd5 {
[%emt 0:10:10]} cxd5 {[%emt 0:00:40]} 22. Rd1 {[%emt 0:01:26]} d4 {[%emt 0:03:
39]} 23. h3 {[%emt 0:07:05]} a4 {[%emt 0:04:58]} 24. Rd3 {[%emt 0:11:42]} axb3
{[%emt 0:00:46]} 25. axb3 {[%emt 0:00:06]} h6 {[%emt 0:03:07]} 26. Rc4 {
[%emt 0:03:01]} Qb5 {[%emt 0:12:47]} 27. Rg3 {[%emt 0:01:44]} Qb6 {[%emt 0:00:
06]} 28. Rd3 {[%emt 0:02:57]} Ra3 {[%emt 0:03:03]} 29. Rcxd4 {[%emt 0:05:50]}
Rxd4 30. Qxd4 {[%emt 0:00:39]} Qxd4 {[%emt 0:00:08]} 31. Rxd4 {[%emt 0:00:02]}
Rxb3 {[%emt 0:00:09]} 1/2-1/2